| 000 | 00464nam a2200193Ia 4500 | ||
|---|---|---|---|
| 003 | GCL | ||
| 008 | 140319s9999 xx 000 0 eng d | ||
| 040 |
_aGCL / _cGCL |
||
| 082 | 0 | 4 |
_a791.34 _bW R |
| 100 | 1 | _aWINNERT, DEREK | |
| 245 | 1 | 0 |
_a"ROCHIO TIMES""FILMES AND VIDEO GUIDE""" / _cWINNERT, DEREK |
| 300 | _a1307P | ||
| 650 | 0 | 4 | _aACTORS & ACTORESS |
| 650 | 0 | 4 | _aGUIDANCE |
| 650 | 0 | 4 | _aDIRECTORIES |
| 650 | 0 | 4 | _aFILMS |
| 650 | 0 | 4 | _aCLEMA |
| 942 |
_2ddc _cBK |
||
| 999 |
_c12060 _d12060 |
||